[Event "138th New York State Ch."]
[Site "Colonie,NY"]
[Date "2016.09.05"]
[Round "5"]
[White "Paciorkowski, Lev"]
[Black "Tannenbaum, Zachary"]
[Result "1-0"]
[WhiteElo "2294"]
[BlackElo "2244"]
[PlyCount "125"]
[EventDate "2016.09.??"]
[EventRounds "6"]
[EventCountry "USA"]

1. d4 d5 2. c4 Bf5 3. Nf3 e6 4. Nc3 c6 5. e3 Nd7 6. Bd3 Bg6 7. O-O Ngf6 8. Qe2
Be7 9. Bxg6 hxg6 10. e4 dxe4 11. Nxe4 Nxe4 12. Qxe4 O-O 13. Rd1 Bf6 14. Be3 Re8
15. Rac1 Qa5 16. Qb1 Rad8 17. Rd3 Qf5 18. Rb3 Qxb1 19. Rxb1 b6 20. Ra3 Ra8 21.
Rd3 e5 22. dxe5 Nxe5 23. Nxe5 Bxe5 24. b3 Rad8 25. Rdd1 c5 26. g3 Bf6 27. Kg2
Kf8 28. Kf3 Bc3 29. Bg5 Rd4 30. Be3 Rdd8 31. Rbc1 Bb2 32. Rxd8 Rxd8 33. Rc2 Bf6
34. Rd2 Rxd2 35. Bxd2 Ke7 36. Ke4 Ke6 37. Bf4 Bd8 38. h4 f5+ 39. Kf3 Kd7 40.
Be5 Bf6 41. Bxf6 gxf6 42. Kf4 Ke6 43. a3 a6 44. a4 a5 45. f3 Kf7 46. g4 fxg4
47. fxg4 Ke7 48. Ke4 Kf7 49. Kd5 Ke7 50. h5 Kf7 51. Kd6 Kf8 52. hxg6 Kg7 53.
Kc6 Kxg6 54. Kxb6 Kg5 55. Kxc5 Kxg4 56. Kd4 f5 57. c5 f4 58. c6 f3 59. c7 f2
60. c8=Q+ Kg3 61. Qg8+ Kh2 62. Qf7 Kg1 63. Kc5 1-0

[Event "138th New York State Ch."]
[Site "Colonie,NY"]
[Date "2016.09.05"]
[Round "5"]
[White "Renna, Anthony"]
[Black "Ostrovskiy, Alexandr"]
[Result "0-1"]
[WhiteElo "2330"]
[BlackElo "2488"]
[PlyCount "94"]
[EventDate "2016.09.??"]
[EventRounds "6"]
[EventCountry "USA"]

1. e4 e6 2. d4 d5 3. exd5 exd5 4. Bd3 c5 5. Nf3 c4 6. Be2 Nf6 7. b3 cxb3 8.
axb3 Nc6 9. Ne5 Bd6 10. Nxc6 bxc6 11. Bg5 O-O 12. O-O h6 13. Bh4 g5 14. Bg3
Bxg3 15. hxg3 Ne4 16. Bf3 f5 17. g4 fxg4 18. Bxe4 dxe4 19. Nc3 Bf5 20. Ra4 Qf6
21. Qe2 Rad8 22. Qc4+ Kh8 23. d5 e3 24. fxe3 cxd5 25. Nxd5 Qe5 26. e4 Be6 27.
Rxf8+ Rxf8 28. Qd4 Qxd4+ 29. Rxd4 h5 30. Ra4 g3 31. Rxa7 Rf2 32. Ra8+ Kg7 33.
Ra7+ Kf8 34. Ra8+ Kg7 35. Ra7+ Bf7 36. Ne3 h4 37. Rc7 Re2 38. Nf5+ Kf6 39. Kf1
Rf2+ 40. Kg1 Re2 41. Kf1 Rf2+ 42. Kg1 Be6 43. Rc6 Ke5 44. Ne3 Re2 45. Nf1 Re1
46. Rc5+ Kf4 47. e5 h3 0-1

[Event "138th New York State Ch."]
[Site "Colonie,NY"]
[Date "2016.09.05"]
[Round "5"]
[White "Rodrigue Lemieux, Shawn"]
[Black "Suberyi, Jonathan"]
[Result "1/2-1/2"]
[WhiteElo "2181"]
[BlackElo "2315"]
[PlyCount "92"]
[EventDate "2016.09.??"]
[EventRounds "6"]
[EventCountry "USA"]

1. e4 e5 2. Nf3 Nc6 3. Bc4 Bc5 4. c3 Nf6 5. d3 O-O 6. O-O d5 7. exd5 Nxd5 8. h3
Bb6 9. Re1 Re8 10. d4 e4 11. Ng5 Na5 12. Qh5 Nxc4 13. Qxh7+ Kf8 14. Qh8+ Ke7
15. Qxg7 Be6 16. Nxf7 Rg8 17. Bg5+ Kd7 18. Qh7 Nf6 19. Ne5+ Kc8 20. Qh6 Qf8 21.
Qxf6 Qxf6 22. Bxf6 Nxb2 23. Rxe4 Bxh3 24. g4 Na4 25. a3 Ba5 26. Ra2 Bxc3 27. f3
Rf8 28. Bg5 Bb2 29. Nd2 b5 30. Ng6 Rf7 31. Nf4 Rh7 32. Nh5 Rxh5 33. gxh5 Kd7
34. d5 Rg8 35. f4 Bf6 36. Kh2 Bxg5 37. fxg5 Bf5 38. g6 Nc3 39. Rf4 Bxg6 40. Rb2
Bxh5 41. Rd4 a6 42. Rb3 Na4 43. Ne4 Bf7 44. Nf6+ Kd6 45. Nxg8 Bxg8 46. Rbd3 Nb6
1/2-1/2

[Event "138th New York State Ch."]
[Site "Colonie,NY"]
[Date "2016.09.05"]
[Round "6"]
[White "Ostrovskiy, Alexandr"]
[Black "Paciorkowski, Lev"]
[Result "1-0"]
[WhiteElo "2488"]
[BlackElo "2294"]
[PlyCount "141"]
[EventDate "2016.09.??"]
[EventRounds "6"]
[EventCountry "USA"]

1. d4 Nf6 2. Bg5 e6 3. Nd2 h6 4. Bh4 d5 5. e3 c5 6. c3 Bd6 7. Ngf3 Nbd7 8. Bd3
Qc7 9. O-O O-O 10. Qe2 e5 11. dxe5 Bxe5 12. Nxe5 Qxe5 13. Bg3 Qe6 14. e4 dxe4
15. Nxe4 Re8 16. Rfe1 Nxe4 17. Bxe4 Nf6 18. Bf3 Qxe2 19. Rxe2 Rxe2 20. Bxe2 Be6
21. Bf3 Bd5 22. Bxd5 Nxd5 23. Rd1 Re8 24. f3 Nf6 25. Kf2 Kh7 26. Bf4 Kg6 27.
Be3 b6 28. a4 Kf5 29. b4 cxb4 30. cxb4 Ke6 31. Bd4 Rc8 32. Re1+ Kd7 33. Bxf6
gxf6 34. Re4 Rc2+ 35. Kg3 Ra2 36. b5 f5 37. Rc4 Kd6 38. h4 Kd5 39. Rc7 Rxa4 40.
Rxf7 Ke5 41. f4+ Ke6 42. Rh7 Ra3+ 43. Kh2 Ra5 44. Rxh6+ Kd5 45. Rh7 Ke4 46. g3
Kf3 47. Rc7 Kg4 48. Rg7+ Kf3 49. h5 Rxb5 50. h6 Rb2+ 51. Kh3 Rg2 52. h7 Rg1 53.
Kh2 Rg2+ 54. Kh1 Kf2 55. Rxa7 Rg1+ 56. Kh2 Rg2+ 57. Kh3 Rxg3+ 58. Kh4 Rg4+ 59.
Kh5 Rg1 60. Ra8 Rh1+ 61. Kg6 Kf3 62. h8=Q Rxh8 63. Rxh8 Kxf4 64. Rf8 Ke5 65.
Rxf5+ Kd6 66. Kf6 Kc6 67. Ke5 Kc5 68. Rf1 b5 69. Rc1+ Kb4 70. Kd4 Ka3 71. Rb1
1-0

[Event "138th New York State Ch."]
[Site "Colonie,NY"]
[Date "2016.09.05"]
[Round "6"]
[White "Park, Sangmin"]
[Black "Rodrigue Lemieux, Shawn"]
[Result "0-1"]
[WhiteElo "1726"]
[BlackElo "2181"]
[PlyCount "80"]
[EventDate "2016.09.??"]
[EventRounds "6"]
[EventCountry "USA"]

1. e4 c6 2. d4 d5 3. exd5 cxd5 4. Bd3 Nf6 5. c3 Nc6 6. Bf4 Bg4 7. Qb3 Qc8 8.
Nd2 e6 9. Ngf3 Be7 10. O-O Bh5 11. Ne5 Nxe5 12. Bxe5 Bg6 13. Qa4+ Kf8 14. Bxg6
hxg6 15. Bxf6 gxf6 16. Nf3 Kg7 17. Rfe1 a6 18. Rac1 b5 19. Qc2 Qc7 20. a4 Bd6
21. g3 Rh5 22. axb5 axb5 23. Ra1 Rah8 24. Kg2 g5 25. Qe2 Qb6 26. Rh1 R5h6 27.
h4 g4 28. Nd2 Rg6 29. Nb3 Qc6 30. Na5 Qd7 31. Nb3 Re8 32. Ra5 Rb8 33. Rha1 f5
34. Ra7 Qd8 35. Na5 f4 36. Qd3 f3+ 37. Kg1 Qf6 38. Rd7 Rh8 39. Rxd6 Rxh4 40.
Qe3 Rh5 0-1

[Event "138th New York State Ch."]
[Site "Colonie,NY"]
[Date "2016.09.05"]
[Round "6"]
[White "Renna, Anthony"]
[Black "Brodsky, David"]
[Result "0-1"]
[WhiteElo "2330"]
[BlackElo "2378"]
[PlyCount "84"]
[EventDate "2016.09.??"]
[EventRounds "6"]
[EventCountry "USA"]

1. e4 c6 2. Nc3 d5 3. Nf3 Bg4 4. h3 Bxf3 5. Qxf3 Nf6 6. e5 Nfd7 7. d4 e6 8. Be3
c5 9. dxc5 Nc6 10. Nb5 Nxc5 11. Nd4 Nxe5 12. Bb5+ Ncd7 13. Qg3 Ng6 14. O-O-O
Be7 15. Nf5 O-O 16. Nxe7+ Qxe7 17. Qc7 Nde5 18. Qxe7 Nxe7 19. Bc5 N5g6 20. h4
Rfc8 21. Ba3 a6 22. Be2 Nc6 23. h5 Nf4 24. Bf1 g6 25. h6 d4 26. Kb1 b5 27. Bc5
e5 28. c3 dxc3 29. bxc3 Rd8 30. Rxd8+ Rxd8 31. g3 Ne6 32. Be3 Ne7 33. Bg2 Nd5
34. Bd2 Ndf4 35. Bxf4 exf4 36. Kc2 fxg3 37. fxg3 f5 38. a4 bxa4 39. Rb1 Nc5 40.
c4 Kf7 41. Rb6 a3 42. Rb1 Rd3 0-1

[Event "138th New York State Ch."]
[Site "Colonie,NY"]
[Date "2016.09.05"]
[Round "6"]
[White "Rohde, Michael A"]
[Black "Bonin, Jay R"]
[Result "0-1"]
[WhiteElo "2509"]
[BlackElo "2397"]
[PlyCount "90"]
[EventDate "2016.09.??"]
[EventRounds "6"]
[EventCountry "USA"]

1. d4 Nf6 2. c4 g6 3. Nc3 Bg7 4. e4 d6 5. Bd3 Nc6 6. Nge2 Nd7 7. Bc2 e5 8. d5
Nd4 9. Nxd4 exd4 10. Nb5 Ne5 11. Nxd4 Nxc4 12. Ba4+ Bd7 13. O-O O-O 14. Bxd7
Qxd7 15. b3 Nb6 16. Bb2 Rfe8 17. Qc2 c5 18. dxc6 bxc6 19. Rfe1 d5 20. Rad1 Qb7
21. a4 dxe4 22. a5 Nd5 23. Qxc6 Rab8 24. Qxb7 Rxb7 25. Nf5 Bxb2 26. Nd6 Nc3 27.
Nxb7 Nxd1 28. Rxd1 e3 29. fxe3 Rxe3 30. Nc5 Bc3 31. a6 Ba5 32. Rd3 Re1+ 33. Kf2
Rc1 34. Ne4 Bb6+ 35. Kf3 Ra1 36. Nf6+ Kg7 37. Nd7 Rxa6 38. Nxb6 Rxb6 39. g4 g5
40. h3 Kg6 41. Ke4 h5 42. gxh5+ Kxh5 43. Kf5 Rb4 44. Rc3 Rf4+ 45. Ke5 Kh4 0-1

[Event "138th New York State Ch."]
[Site "Colonie,NY"]
[Date "2016.09.05"]
[Round "6"]
[White "Suberyi, Jonathan"]
[Black "Lee, Megan"]
[Result "0-1"]
[WhiteElo "2315"]
[BlackElo "2223"]
[PlyCount "109"]
[EventDate "2016.09.??"]
[EventRounds "6"]
[EventCountry "USA"]

1. e4 e5 2. Nf3 Nc6 3. Bb5 a6 4. Ba4 Nf6 5. O-O Be7 6. Re1 b5 7. Bb3 d6 8. c3
O-O 9. h3 Nb8 10. d4 Nbd7 11. Nbd2 Bb7 12. Bc2 Re8 13. Nf1 Bf8 14. Ng3 g6 15.
a4 c6 16. b3 Rc8 17. axb5 cxb5 18. Bb2 Qc7 19. Bd3 Bh6 20. d5 Nc5 21. Bc2 Qb6
22. b4 Ncd7 23. Nd2 Qc7 24. Nb3 Nb6 25. Na5 Nc4 26. Nxc4 Qxc4 27. Bd3 Qc7 28.
Bc1 Bg7 29. Bd2 Nd7 30. Re2 Nb6 31. Nf1 Na4 32. Rxa4 bxa4 33. c4 Qd7 34. Be3 f5
35. c5 dxc5 36. bxc5 f4 37. c6 Bxc6 38. dxc6 Qxc6 39. Rc2 Qe6 40. Bc5 Kh8 41.
Bc4 Qc6 42. Bd5 Qb5 43. Ba3 Bf8 44. Bxf8 Rxf8 45. Qa1 Qb8 46. Rxc8 Rxc8 47. Nd2
Rc2 48. Nf3 Kg7 49. Qxa4 Rc1+ 50. Kh2 Qb1 51. Qd7+ Kh6 52. Ne1 Rxe1 53. g3 Rh1+
54. Kg2 Qf1+ 55. Kf3 0-1

[Event "138th New York State Ch."]
[Site "Colonie,NY"]
[Date "2016.09.05"]
[Round "6"]
[White "Wang, Brandon M"]
[Black "Qiao, Cindy"]
[Result "1/2-1/2"]
[WhiteElo "2107"]
[BlackElo "1850"]
[PlyCount "58"]
[EventDate "2016.09.??"]
[EventRounds "6"]
[EventCountry "USA"]

1. d4 d5 2. c4 c6 3. Nf3 Nf6 4. Nc3 e6 5. Bg5 Be7 6. e3 Nbd7 7. Bd3 O-O 8. O-O
dxc4 9. Bxc4 Nd5 10. Bxe7 Qxe7 11. Rc1 N5b6 12. Bd3 e5 13. dxe5 Nxe5 14. Nxe5
Qxe5 15. Qc2 h6 16. Rfd1 Bg4 17. Rd2 Rfd8 18. h3 Be6 19. Rcd1 Qg5 20. f4 Qe7
21. f5 Bc4 22. e4 Bxd3 23. Rxd3 Nc4 24. Ne2 Ne5 25. Rxd8+ Rxd8 26. Rxd8+ Qxd8
27. Qc3 Qd6 28. Qg3 Qe7 29. Qc3 Qd6 1/2-1/2

[Event "138th New York State Ch."]
[Site "Colonie,NY"]
[Date "2016.09.05"]
[Round "6"]
[White "Zeltsah, Joseph"]
[Black "Qu, Zhi"]
[Result "0-1"]
[WhiteElo "2254"]
[BlackElo "2234"]
[PlyCount "136"]
[EventDate "2016.09.??"]
[EventRounds "6"]
[EventCountry "USA"]

1. e4 c5 2. Nf3 Nc6 3. d4 cxd4 4. Nxd4 e6 5. Nc3 Nf6 6. Ndb5 d6 7. Bf4 e5 8.
Bg5 a6 9. Na3 b5 10. Nd5 Be7 11. Bxf6 Bxf6 12. c3 O-O 13. Nc2 Bg5 14. h4 Bh6
15. g3 Ne7 16. Nce3 Bxe3 17. Nxe3 Bb7 18. Bg2 f5 19. Qb3+ Kh8 20. exf5 Bxg2 21.
Nxg2 Nxf5 22. O-O Qb6 23. Kh1 Qb7 24. Kg1 Rac8 25. Rae1 Rc4 26. Ne3 Nxe3 27.
Rxe3 Rf6 28. Qd1 h6 29. Qe2 Rg6 30. h5 Rh4 31. Qf3 Qxf3 32. Rxf3 Rxh5 33. Rf8+
Kh7 34. Rd1 e4 35. Rd8 e3 36. fxe3 Rxg3+ 37. Kf2 Rhg5 38. R1xd6 Rg2+ 39. Kf3
Rxb2 40. Rxa6 Rc2 41. Rd3 Rc5 42. Ra5 Rf5+ 43. Ke4 Rg5 44. Kd4 h5 45. e4 h4 46.
a4 Ra2 47. Rxb5 Rxa4+ 48. Rb4 Ra6 49. c4 Rd6+ 50. Kc3 Re6 51. Kd4 Rg4 52. Re3
Rh6 53. Rbb3 Rg1 54. c5 Re6 55. Rb6 Rd1+ 56. Kc4 Re8 57. Rd6 Rh1 58. c6 h3 59.
Rdd3 h2 60. Rh3+ Kg8 61. Kd5 Rd8+ 62. Ke6 Rxd3 63. Rxd3 Rc1 64. Rh3 h1=Q 65.
Rxh1 Rxh1 66. c7 Rc1 67. Kd7 Kf7 68. Kd6 Kf6 0-1

[Event "138th New York State Ch. U2100"]
[Site "Colonie,NY"]
[Date "2016.09.03"]
[Round "1"]
[White "Calderon, Zachary"]
[Black "Brooks, Chris"]
[Result "1/2-1/2"]
[WhiteElo "2021"]
[BlackElo "2094"]
[PlyCount "91"]
[EventDate "2016.09.??"]
[EventRounds "6"]
[EventCountry "USA"]

1. b3 Nc6 2. Bb2 d5 3. e3 Nf6 4. f4 Bg4 5. Nf3 Qd7 6. d3 Bxf3 7. Qxf3 e6 8. Nd2
Be7 9. g4 O-O-O 10. g5 Ne8 11. O-O-O Kb8 12. h4 f6 13. Bh3 Qd6 14. Qg3 e5 15.
fxe5 Nxe5 16. Qg2 Qa6 17. Kb1 Ba3 18. e4 Bxb2 19. Kxb2 d4 20. Rhf1 Nd6 21. a4
Qa5 22. Nb1 fxg5 23. hxg5 Qb4 24. Na3 Qc3+ 25. Ka2 Nc6 26. Qd2 Qc5 27. Rf2 Rhf8
28. Rdf1 Rxf2 29. Rxf2 b5 30. axb5 Nb4+ 31. Kb2 Nxb5 32. Nxb5 Qxb5 33. Rf5 Qb6
34. Bg2 g6 35. Rf6 Qa5 36. Ra6 Qxa6 37. Qxb4+ Qb6 38. Qe7 Qd6 39. Qxh7 Rf8 40.
Qg7 Rf2 41. e5 Qf8 42. Qd7 Rxg2 43. Qb5+ Kc8 44. e6 Re2 45. Qd7+ Kb8 46. Qb5+
1/2-1/2

[Event "138th New York State Ch. U2100"]
[Site "Colonie,NY"]
[Date "2016.09.03"]
[Round "1"]
[White "Felber, Joseph J"]
[Black "Varela, Carlos A"]
[Result "1-0"]
[WhiteElo "2022"]
[BlackElo "1815"]
[PlyCount "67"]
[EventDate "2016.09.??"]
[EventRounds "6"]
[EventCountry "USA"]

1. e4 c5 2. Nf3 Nc6 3. d4 cxd4 4. Nxd4 g6 5. Nc3 Bg7 6. Be3 d6 7. Be2 Nf6 8.
O-O O-O 9. Nb3 Bd7 10. f4 Qc8 11. Kh1 Ng4 12. Bxg4 Bxg4 13. Qd2 Be6 14. Nd4 Bc4
15. Rfe1 Rd8 16. Qf2 b6 17. Rad1 Nxd4 18. Bxd4 e5 19. fxe5 dxe5 20. Be3 Qg4 21.
h3 Qe6 22. b3 Ba6 23. Nd5 Rac8 24. Nc7 Qc6 25. Rxd8+ Rxd8 26. Nxa6 Bf8 27. Bg5
Rc8 28. c4 Qb7 29. Rf1 f5 30. exf5 Qxa6 31. fxg6 Qb7 32. Qf5 hxg6 33. Qxg6+ Qg7
34. Qe6+ 1-0

[Event "138th New York State Ch. U2100"]
[Site "Colonie,NY"]
[Date "2016.09.03"]
[Round "1"]
[White "Yung, Ethan"]
[Black "Arayadh, Athira"]
[Result "1-0"]
[WhiteElo "1972"]
[BlackElo "1756"]
[PlyCount "39"]
[EventDate "2016.09.??"]
[EventRounds "6"]
[EventCountry "USA"]

1. e4 e5 2. Nf3 Nc6 3. Bc4 Bc5 4. d3 h6 5. Nc3 Nf6 6. h3 O-O 7. g4 d6 8. g5
hxg5 9. Bxg5 Be6 10. Nd5 Bxd5 11. Bxd5 Re8 12. Nh4 Nd4 13. Rg1 c6 14. Bh6 cxd5
15. Bxg7 Kh7 16. Bxf6 Qxf6 17. Qh5+ Qh6 18. Qxf7+ Kh8 19. Ng6+ Qxg6 20. Rxg6
1-0

[Event "138th New York State Ch. U2100"]
[Site "Colonie,NY"]
[Date "2016.09.04"]
[Round "1"]
[White "Moore, Paul R"]
[Black "Heck, Karl T"]
[Result "0-1"]
[WhiteElo "1415"]
[BlackElo "1800"]
[PlyCount "92"]
[EventDate "2016.09.??"]
[EventRounds "6"]
[EventCountry "USA"]

1. d4 Nf6 2. Nf3 g6 3. e3 Bg7 4. Bd3 O-O 5. O-O d6 6. c4 Nbd7 7. Nc3 e5 8. dxe5
Nxe5 9. Nxe5 dxe5 10. e4 c6 11. Bg5 Qc7 12. Qe2 Be6 13. Rfd1 Nd7 14. Be7 Rfe8
15. Ba3 Rad8 16. b3 Nf6 17. Bc2 Nh5 18. Bc1 Rxd1+ 19. Bxd1 Rd8 20. Qc2 Nf6 21.
Be3 Ng4 22. Bxg4 Bxg4 23. h3 Be6 24. Na4 b6 25. Nb2 f5 26. f3 Rd7 27. Rd1 fxe4
28. Rxd7 Qxd7 29. fxe4 Bf6 30. Nd3 Qd6 31. c5 Qc7 32. cxb6 axb6 33. Qf2 Bd8 34.
Bh6 Bf7 35. Qg3 Bf6 36. Be3 c5 37. Bg5 Bg7 38. Qf2 Qd6 39. Nb2 b5 40. Be3 c4
41. Bc5 Qc6 42. Ba3 c3 43. Nd3 Qxe4 44. Qc5 h6 45. Qxb5 Bd5 46. Qe8+ Kh7 0-1

[Event "138th New York State Ch. U2100"]
[Site "Colonie,NY"]
[Date "2016.09.03"]
[Round "2"]
[White "Craig, Peter A"]
[Black "Geiger, Alan E"]
[Result "1-0"]
[WhiteElo "1810"]
[BlackElo "1862"]
[PlyCount "29"]
[EventDate "2016.09.??"]
[EventRounds "6"]
[EventCountry "USA"]

1. e4 c5 2. Nf3 e6 3. d4 cxd4 4. Nxd4 a6 5. Be2 b5 6. O-O Bb7 7. Bf3 Qc7 8. Nc3
d6 9. Bg5 Be7 10. Bxe7 Nxe7 11. Ndxb5 axb5 12. Nxb5 Qb6 13. Nxd6+ Kf8 14. Nxb7
Qxb7 15. Qd8# 1-0

[Event "138th New York State Ch. U2100"]
[Site "Colonie,NY"]
[Date "2016.09.03"]
[Round "2"]
[White "Gausewitz, Glen K"]
[Black "Felber, Joseph J"]
[Result "1-0"]
[WhiteElo "1900"]
[BlackElo "2022"]
[PlyCount "91"]
[EventDate "2016.09.??"]
[EventRounds "6"]
[EventCountry "USA"]

1. e4 c6 2. d4 d5 3. e5 Bf5 4. Nf3 e6 5. Be2 Qc7 6. O-O Nd7 7. Nh4 Bg6 8. Nxg6
hxg6 9. f4 Be7 10. Nd2 O-O-O 11. Nf3 Nh6 12. c3 Nb6 13. a4 Nc4 14. Bxc4 dxc4
15. Qe2 b5 16. b3 b4 17. cxb4 Bxb4 18. Qxc4 Qb6 19. Be3 Ng4 20. Bf2 Nxf2 21.
Rxf2 Kb7 22. a5 Qb5 23. Rc2 Rc8 24. Ng5 Rhf8 25. Ne4 Rfd8 26. Ra4 Qxc4 27. Rxc4
Be7 28. Kf2 f5 29. Nc5+ Bxc5 30. Rxc5 Rd5 31. Rac4 Rxc5 32. Rxc5 Rh8 33. h3 g5
34. fxg5 Rh5 35. b4 a6 36. Rc3 Rh4 37. Rd3 Rh5 38. g4 fxg4 39. hxg4 Rh2+ 40.
Kg3 Rb2 41. Rf3 Rxb4 42. Rf7+ Kb8 43. Rxg7 Rxd4 44. Re7 Rd3+ 45. Kh4 Rd1 46. g6
1-0

[Event "138th New York State Ch. U2100"]
[Site "Colonie,NY"]
[Date "2016.09.03"]
[Round "2"]
[White "Guevara, Robert N"]
[Black "Lawless, John P"]
[Result "1-0"]
[WhiteElo "2075"]
[BlackElo "1815"]
[PlyCount "85"]
[EventDate "2016.09.??"]
[EventRounds "6"]
[EventCountry "USA"]

1. d4 Nf6 2. Bg5 Ne4 3. Bf4 c5 4. f3 Qa5+ 5. c3 Nf6 6. Nd2 cxd4 7. Nb3 Qf5 8.
Bxb8 Rxb8 9. Qxd4 b6 10. e4 Qf4 11. Nh3 Qc7 12. e5 Ng8 13. Nf4 e6 14. Rd1 Ne7
15. Nd3 Nc6 16. Qe3 g6 17. Be2 a5 18. Nd4 Ba6 19. Nxc6 dxc6 20. Nf2 Bc5 21. Qf4
Bxe2 22. Kxe2 O-O 23. Ne4 Be7 24. Nf6+ Bxf6 25. Qxf6 Rbd8 26. f4 b5 27. h4 Rd5
28. h5 Qd8 29. hxg6 Qxf6 30. gxh7+ Kh8 31. exf6 Rfd8 32. Rxd5 Rxd5 33. g4 b4
34. cxb4 axb4 35. g5 Rf5 36. Ke3 e5 37. fxe5 Rxe5+ 38. Kf4 Re2 39. g6 fxg6 40.
Kg5 Rxb2 41. Rf1 Kxh7 42. f7 Rg2+ 43. Kh4 1-0

[Event "138th New York State Ch. U2100"]
[Site "Colonie,NY"]
[Date "2016.09.03"]
[Round "2"]
[White "Scott, Harold"]
[Black "Yung, Ethan"]
[Result "1-0"]
[WhiteElo "2027"]
[BlackElo "1972"]
[PlyCount "99"]
[EventDate "2016.09.??"]
[EventRounds "6"]
[EventCountry "USA"]

1. d4 g6 2. Nf3 Bg7 3. c4 Nf6 4. Nc3 d5 5. Bg5 c6 6. e3 O-O 7. Be2 Bf5 8. Qb3
dxc4 9. Qxb7 Nbd7 10. Qxc6 Rb8 11. O-O Qa5 12. Qa4 Qxa4 13. Nxa4 Rb4 14. Nc3
Rxb2 15. Bxc4 Rc8 16. Na4 Rb4 17. Bb3 h6 18. Bh4 g5 19. Bg3 Ne4 20. Rac1 Rd8
21. Bc7 Rc8 22. h3 Bf6 23. Bh2 Rd8 24. Rc7 g4 25. hxg4 Bxg4 26. Nc3 Bxf3 27.
gxf3 Nd2 28. Nd5 Rb5 29. Rfc1 Nxf3+ 30. Kg2 Nh4+ 31. Kh1 e6 32. Nxf6+ Nxf6 33.
Rxa7 Ne4 34. Bg1 Rf5 35. f4 Ng3+ 36. Kh2 Ne2 37. Rf1 Kh8 38. Rf2 Nc3 39. Kh3
Ng6 40. Kg2 Nh4+ 41. Kf1 Rf6 42. Bc2 Rc8 43. Bd3 Nd5 44. Rc2 Rg8 45. Bf2 Nf3
46. Be4 Nh2+ 47. Ke2 h5 48. Bh4 Nxf4+ 49. Kd2 Nf1+ 50. Ke1 1-0

[Event "138th New York State Ch. U2100"]
[Site "Colonie,NY"]
[Date "2016.09.03"]
[Round "2"]
[White "Stenzel, Harold G"]
[Black "Calderon, Zachary"]
[Result "0-1"]
[WhiteElo "2000"]
[BlackElo "2021"]
[PlyCount "56"]
[EventDate "2016.09.??"]
[EventRounds "6"]
[EventCountry "USA"]

1. e4 b6 2. d4 Bb7 3. Nc3 e6 4. a3 Nf6 5. Bd3 c5 6. Nf3 cxd4 7. Nxd4 Nc6 8. Nf3
d6 9. O-O Be7 10. Bf4 a6 11. h3 Qc7 12. Qe2 O-O 13. Rfe1 Nd7 14. Rad1 Rfd8 15.
Nb1 g6 16. Nbd2 b5 17. e5 Ncxe5 18. Nxe5 Nxe5 19. Bxe5 dxe5 20. Qxe5 Qxe5 21.
Rxe5 Bf6 22. Rc5 Bxb2 23. Rc7 Bd5 24. a4 bxa4 25. c4 Bxg2 26. Kxg2 Rxd3 27. Kf1
Rad8 28. Ke2 Bc3 0-1

[Event "138th New York State Ch. U2100"]
[Site "Colonie,NY"]
[Date "2016.09.04"]
[Round "2"]
[White "Brooks, Chris"]
[Black "Heck, Karl T"]
[Result "1-0"]
[WhiteElo "2094"]
[BlackElo "1800"]
[PlyCount "45"]
[EventDate "2016.09.??"]
[EventRounds "6"]
[EventCountry "USA"]

1. Nc3 e5 2. e4 Nf6 3. g3 Nc6 4. Bg2 Bc5 5. Nge2 d6 6. O-O Bg4 7. h3 Bh5 8. Na4
Bb6 9. Nxb6 axb6 10. g4 Bg6 11. d3 Nd7 12. Be3 Qe7 13. Qd2 O-O-O 14. a4 h5 15.
g5 f5 16. f4 exf4 17. Nxf4 Nf8 18. Nd5 Qd7 19. a5 bxa5 20. Rxa5 Qe6 21. exf5
Bxf5 22. Rxf5 Qxf5 23. Nb6+ 1-0

[Event "138th New York State Ch. U2100"]
[Site "Colonie,NY"]
[Date "2016.09.04"]
[Round "3"]
[White "Cooper, Daniel R"]
[Black "Heck, Karl T"]
[Result "1/2-1/2"]
[WhiteElo "1916"]
[BlackElo "1800"]
[PlyCount "88"]
[EventDate "2016.09.??"]
[EventRounds "6"]
[EventCountry "USA"]

1. d4 Nf6 2. c4 c5 3. d5 b5 4. cxb5 a6 5. b6 e6 6. Nc3 Nxd5 7. Nxd5 exd5 8.
Qxd5 Nc6 9. e3 Be7 10. Bd2 Rb8 11. Bc4 O-O 12. Bc3 Qxb6 13. Ne2 Nb4 14. Qd2 Bf6
15. a3 Bxc3 16. Nxc3 Nc6 17. Na4 Qa7 18. O-O Ne5 19. Be2 Qc7 20. Rac1 Qc6 21.
Nc3 Bb7 22. e4 d6 23. f4 Ng6 24. f5 Ne5 25. f6 Qd7 26. Qg5 Ng6 27. fxg7 Kxg7
28. Qf6+ Kg8 29. Bc4 Qe7 30. Qf5 Kg7 31. Rf2 Bc8 32. Qh5 Qe5 33. Qxe5+ Nxe5 34.
Bf1 Be6 35. Bxa6 c4 36. Rcc2 Nd3 37. Rfd2 Ne1 38. Rc1 Nd3 39. Rcc2 Ne1 40. Rc1
Nd3 41. Rb1 Rfd8 42. Nd5 Ne5 43. Rc1 Nd3 44. Rb1 Ne5 1/2-1/2

[Event "138th New York State Ch. U2100"]
[Site "Colonie,NY"]
[Date "2016.09.04"]
[Round "3"]
[White "Felber, Joseph J"]
[Black "Craig, Peter A"]
[Result "0-1"]
[WhiteElo "2022"]
[BlackElo "1810"]
[PlyCount "90"]
[EventDate "2016.09.??"]
[EventRounds "6"]
[EventCountry "USA"]

1. e4 c6 2. d4 d5 3. exd5 cxd5 4. Bd3 Nf6 5. c3 e6 6. Bf4 Nbd7 7. Nd2 Be7 8.
Ngf3 O-O 9. O-O Nb6 10. Ne5 Bd7 11. Bg5 Bc6 12. Ndf3 Nfd7 13. h4 h6 14. Bxe7
Qxe7 15. a4 Nxe5 16. dxe5 Rfd8 17. Bc2 d4 18. Qd3 g6 19. h5 dxc3 20. Qxc3 Rac8
21. hxg6 Bxf3 22. Qxf3 Rxc2 23. gxf7+ Qxf7 24. Qh3 h5 25. Ra3 Qf5 26. Rg3+ Kh8
27. Qh4 Rg8 28. Rxg8+ Kxg8 29. Qd8+ Kf7 30. a5 Nd5 31. Qd7+ Kg6 32. Qd8 Qf7 33.
g3 Rxb2 34. Qh4 Qf3 35. Qd8 Qf7 36. Qh4 Rb4 37. f4 Qe7 38. Qh3 Ne3 39. Rc1 Ng4
40. Qf1 Qd7 41. Rd1 Rd4 42. Rxd4 Qxd4+ 43. Kh1 Qe4+ 44. Kg1 Qe3+ 45. Kg2 Qd2+
0-1

[Event "138th New York State Ch. U2100"]
[Site "Colonie,NY"]
[Date "2016.09.04"]
[Round "3"]
[White "Lawless, John P"]
[Black "Cimafranca, Edgar R"]
[Result "1-0"]
[WhiteElo "1815"]
[BlackElo "2031"]
[PlyCount "95"]
[EventDate "2016.09.??"]
[EventRounds "6"]
[EventCountry "USA"]

1. e4 c5 2. Nf3 d6 3. c4 Nc6 4. Nc3 Bg4 5. Be2 e6 6. d3 Be7 7. O-O Nf6 8. Be3
O-O 9. h3 Bxf3 10. Bxf3 Nd7 11. g3 a6 12. Bg2 Bg5 13. f4 Bf6 14. Qd2 Rb8 15.
Ne2 Qb6 16. Rab1 Qb4 17. Qc2 Rfc8 18. a3 Qa5 19. Bd2 Qc7 20. Bc3 Nd4 21. Nxd4
cxd4 22. Bd2 b5 23. b3 g6 24. Qa2 Nc5 25. Qc2 Bg7 26. f5 Be5 27. g4 bxc4 28.
bxc4 Rxb1 29. Rxb1 Rb8 30. Rb4 Rb7 31. Qb1 Qb8 32. fxe6 fxe6 33. Bh6 a5 34. Rb5
Rxb5 35. cxb5 a4 36. Qb4 Nxd3 37. Qxa4 Qc8 38. b6 Nc5 39. Qa7 Qb7 40. a4 d3 41.
a5 Bd4+ 42. Kh1 d2 43. Bxd2 Qc6 44. Qb8+ Kf7 45. Qc7+ Qd7 46. a6 Kf6 47. a7 Qa4
48. g5+ 1-0

[Event "138th New York State Ch. U2100"]
[Site "Colonie,NY"]
[Date "2016.09.04"]
[Round "3"]
[White "Phillips, John L"]
[Black "Li, Jason"]
[Result "1-0"]
[WhiteElo "1860"]
[BlackElo "2081"]
[PlyCount "55"]
[EventDate "2016.09.??"]
[EventRounds "6"]
[EventCountry "USA"]

1. d4 Nf6 2. c4 e6 3. Nc3 Bb4 4. e3 b6 5. Bd3 Bb7 6. f3 O-O 7. Nge2 d5 8. O-O
c5 9. cxd5 exd5 10. a3 Bxc3 11. bxc3 Re8 12. Ra2 c4 13. Bc2 b5 14. Ng3 a5 15.
Qe1 Qe7 16. Nf5 Qf8 17. Qg3 Bc6 18. e4 Re6 19. e5 Ne8 20. Qh4 h6 21. Ng3 Qe7
22. Qh5 Bd7 23. f4 Rea6 24. f5 f6 25. e6 Bc6 26. Qg6 Kh8 27. Rf4 b4 28. Rh4 1-0